Most Common Words in Official Country Names - Statistics

General Stats
  • This quiz has been taken 111,428 times
  • The average score is 11 of 29
Answer Stats
# Main Continent Word % Correct
130 Africa (47) {Republic}
86%
5 North America (2) {United}
78%
155 Africa (50) {of}
73%
2 Africa (2) {South}
73%
9 Asia (5) {Democratic}
71%
11 Africa (5) {the}
70%
9 Asia (3) {State}
68%
17 Europe (7) {Kingdom}
65%
5 Asia (4) {People}'{s}
50%
7 North America (4) {and}
47%
2 Oceania (2) {New}
41%
3 North America (2) {States}
38%
2 Oceania (2) {Islands}
37%
3 North America (3) {Saint}
37%
2 Europe/North America (1) {Federation}
30%
3 Africa (2) {Guinea}
30%
3 Asia (2) {Arab}
27%
2 Asia (2) {Korea}
27%
2 Africa (2) {Congo}
25%
5 Africa (3) {Federal}
23%
4 Asia (3) {Islamic}
21%
2 Africa (2) {Sudan}
18%
2 Africa/Asia (1) {Union}
16%
3 North America (2) {Commonwealth}
15%
2 Asia (2) {Socialist}
14%
2 Asia (2) {China}
13%
3 Europe (3) {Principality}
11%
2 Oceania (2) {Independent}
8%
2 Europe (2) {Ireland}
5%
No matching quizzes found
Score Distribution
Percent of People with Each Score
Percentile by Number Answered
Your Score History
You have not taken this quiz